[Event "Nikaia Fysiolatriko op B"]
[Site "Nikaia"]
[Date "2015.06.20"]
[Round "4"]
[White "Thanos, Konstantinos"]
[Black "Bastianou, Chrysoula"]
[Result "1/2-1/2"]
[WhiteElo "1487"]
[BlackElo "1331"]
[PlyCount "51"]
[EventDate "2015.06.16"]
[EventType "swiss"]
[EventRounds "9"]
[EventCountry "GRE"]
[SourceTitle "EXT 2024"]
[Source "ChessBase"]
[SourceDate "2023.10.10"]
[SourceVersion "1"]
[SourceVersionDate "2023.10.10"]
[SourceQuality "1"]

1. d4 Nf6 2. c4 e6 3. a3 Be7 4. Nc3 0-0 5. Bg5 d5 6. e3 b6 7. cxd5 exd5 8. Bd3 c6 9. Nf3 Ba6 10. 0-0 Bxd3 11. Qxd3 h6 12. Bh4 Ne4 13. Bxe7 Qxe7 14. Rac1 Nd7 15. b4 Rfc8 16. Nd2 Nxd2 17. Qxd2 b5 18. Rfe1 Nb6 19. e4 dxe4 20. Nxe4 Nc4 21. Qc3 Qd7 22. Nd2 Nb6 23. Nb3 Nc4 24. Nd2 Nb6 25. Nb3 Nc4 26. Nd2 1/2-1/2